| 000 | 01397cam a22002054a 4500 | ||
|---|---|---|---|
| 005 | 20250605164049.0 | ||
| 008 | 250528s ||||||||||||||||||||||||d | ||
| 035 | _a17208 | ||
| 020 | _a201537621 | ||
| 040 |
_aGR-AtMCL _bgre _dGR-AtMCL _eAACR2 |
||
| 245 | 1 | _aEconomics / Third Edition | |
| 250 | _a3rd | ||
| 260 |
_bAddison-Wesley, _c1996 |
||
| 300 | _a1010 | ||
| 520 | _aA fun and engaging way to review and master microeconomic and macroeconomic principles. Introduction, What is Economy? Making and Using Graphs, Production and Growth and Trade, Demand and Supply, Markets in Action, Markets for Good and Services, Utility and Demand, Organizing Production, Output and Costs, Competition, Monopoly, Monopolistic Competition and Oligopoly, Markets for Factors of Production, Pricing and Allocating Factors of Production, Labor Markets, Capital and Natural Resource Markets, Uncertainty and Information, Markets and Government, Market Failure and Public Choice, Regulation and Antitrust Law, Preliminaries and Long-Term Fundamentals, Employment and Unemployment, Long-Term Economic Growth, Macroeconomic Fluctuations and Policies, Expenditure Multipliers, Money, The Federal Reserve and Monetary Policy, Inflation, The Business Cycle, The Global Economy, Trading with the World, Emerging Economies. | ||
| 700 | 1 |
_aParkin Michael _93320 |
|
| 942 | _cBK | ||
| 999 |
_c2642 _d2642 |
||